000 00221 a2200097 4500
001 30159
100 _aBliss, William
245 _aThe real Shakespeare
260 _aLondon
_bSidgwick & Jackson
_c
090 _c20102
_d20102
942 _aNUST-CAE
_cM
_c11229
999 _c265232
_d265232